Introduction to Agronomy and soil and water management (Record no. 3)
[ view plain ]
| 000 -LEADER | |
|---|---|
| fixed length control field | 00313nam a22001337a 4500 |
| 041 ## - LANGUAGE CODE | |
| Language code of text/sound track or separate title | ENG |
| 100 ## - MAIN ENTRY--PERSONAL NAME | |
| Personal name | V.G.Vaidya |
| 245 ## - TITLE STATEMENT | |
| Title | Introduction to Agronomy and soil and water management |
| 260 ## - PUBLICATION, DISTRIBUTION, ETC. (IMPRINT) | |
| Place of publication, distribution, etc | Pune |
| Name of publisher, distributor, etc | Continental Prakashan |
| Date of publication, distribution, etc | 1996 |
| 300 ## - PHYSICAL DESCRIPTION | |
| Extent | 329 |
| 440 ## - SERIES STATEMENT/ADDED ENTRY--TITLE | |
| Title | I |
| 650 ## - SUBJECT ADDED ENTRY--TOPICAL TERM | |
| Topical term or geographic name as entry element | Agronomy |
| 700 ## - ADDED ENTRY--PERSONAL NAME | |
| Personal name | K.R. Sahshrabuddhe |
No items available.